• 首页
  • 本馆介绍
  • 公告通知
  • 最新文献
  • 馆藏检索
  • 电子资源
  • 读者导购
  • 参考咨询
  • 我的图书馆
  • 登录
  • 详细信息显示
  • 放入我的书架
  • 预约/预借图书
  • 作者相关作品
  • 分类相关作品
  • 丛书相关作品
  • 出版社相关作品

书目信息

  • 表格格式
  • 工作单格式
  • 卡片格式
题名:
数学女孩
    
 
作者: 结城浩 著 ;丁灵 译
分册: 2   费马大定理
出版信息: 北京   人民邮电出版社  2021.4
页数: 353页
开本: 21cm
丛书名:
单 册:
中图分类: O1 , O156
科图分类:
主题词: 数学--普及读物 , 费马最后定理--普及读物
电子资源:
ISBN: 978-7-115-41111-2
000 01162nam0 2200325 45
001 012001000720
005 20211012145618.11
010    @a978-7-115-41111-2@dCNY59.80
090    @aO1-49@bjch
096    @aO1-49@bjch
100    @a20160214d2016 em y0chiy50 ea
101 1  @achi@cjpn
102    @aCN@b110000
105    @aa z 000yy
106    @ar
200 1  @a数学女孩@Ashu xue nv hai@h2@i费马大定理@b专著@f(日)结城浩著@g丁灵译
210    @a北京@c人民邮电出版社@d2021.4
215    @a353页@c图@d21cm
300    @a图灵新知
304    @a英文分辑题名:Fermat's last theorem
305    @a由SB Creative Corp.授权出版
330    @a本书涵盖了形形色色的数学题目,从小学生都能明白的简单问题,直至困扰了数学家350年以上的难题。采用语言、图形以及数学公式表达主人公的解题思路,重点描述一群年轻人探寻数学中的美。内容涉及勾股定理、素数分解、互质、反证法、复平面、取余运算、椭圆曲线等。
606 0  @a数学@j普及读物
606 0  @a费马最后定理@j普及读物
690    @aO1@v5
690    @aO156@v5
701  0 @c(日)@a结城浩@Ajie cheng hao@f(1963 )@4著
702  0 @a丁灵@Ading ling@4译
801  0 @aCN@bBJSDL@c20211011
905    @b1332028-30@dO1@e580:2@f3
    
    数学女孩.2.费马大定理/(日)结城浩著/丁灵译.-北京:人民邮电出版社,2021.4
    353页:图;21cm
    图灵新知
    
    ISBN 978-7-115-41111-2:CNY59.80
    本书涵盖了形形色色的数学题目,从小学生都能明白的简单问题,直至困扰了数学家350年以上的难题。采用语言、图形以及数学公式表达主人公的解题思路,重点描述一群年轻人探寻数学中的美。内容涉及勾股定理、素数分解、互质、反证法、复平面、取余运算、椭圆曲线等。
●
相关链接 在E读中查询图书 在五车中查询图书 在当当中查询图书 在豆瓣中查询图书


正题名:数学女孩     索取号:O1/580:2         预约/预借

序号 登录号 条形码 馆藏地/架位号 状态 备注
1 1332028   213320280   第二样本阅览室/ [索取号:O1/580:2] 在馆    
2 1332029   213320299   第三借阅区/ [索取号:O1/580:2] 在馆    
3 1332030   213320306   第三借阅区/ [索取号:O1/580:2] 在馆    
唐山师范学院图书馆 欢迎您!
大连网信软件有限公司© 版权所有